000 00385nam a2200133Ia 4500
005 20260328101514.0
008 260328s9999||||xx |||||||||||||| ||und||
100 _aSullivan, Louis Henry
245 0 _aCharlas con un Arquitecto :
_b Kindergarten chats y otros escritos /
_cLouis Henry Sullivan
260 _bEdiciones Infinito
300 _a255 p.
650 _aARQUITECTURA
942 _cBK
999 _c9292
_d9292